Loosening the leash (Record no. 106521)
[ view plain ]
| 000 -LEADER | |
|---|---|
| fixed length control field | 01109cam a2200205 4500 |
| 001 - CONTROL NUMBER | |
| control field | L136826 |
| 008 - FIXED-LENGTH DATA ELEMENTS--GENERAL INFORMATION | |
| fixed length control field | 070226n2007 000 0 eng u |
| 035 ## - SYSTEM CONTROL NUMBER | |
| System control number | (Sirsi) u136826 |
| 041 0# - LANGUAGE CODE | |
| Language code of text/sound track or separate title | eng |
| 110 2# - MAIN ENTRY--CORPORATE NAME | |
| Corporate name or jurisdiction name as entry element | All Party Urban Development Group |
| 9 (RLIN) | 5129 |
| 245 00 - TITLE STATEMENT | |
| Title | Loosening the leash |
| Remainder of title | how local government can deliver infrastructure with private sector money |
| Medium | [electronic resource] |
| 260 ## - PUBLICATION, DISTRIBUTION, ETC. | |
| Date of publication, distribution, etc. | 2007 |
| 505 2# - FORMATTED CONTENTS NOTE | |
| Formatted contents note | What's wrong with the existing system? -- Options for improvement -- Making new funding mechanisms work in practice -- Governance and funding - bringing it together -- Recommendations. |
| 520 ## - SUMMARY, ETC. | |
| Summary, etc. | Addresses the question of infrastructure funding and looks at how greater financial devolution, coupled with a step-change in private-sector investment, could help to overcome the 'infrastructure gap' facing Britain's towns and cities. |
| 590 ## - LOCAL NOTE (RLIN) | |
| Local note | KA NTK |
| 651 #4 - SUBJECT ADDED ENTRY--GEOGRAPHIC NAME | |
| Geographic name | United Kingdom |
| Chronological subdivision | |
| 690 ## - LOCAL SUBJECT ADDED ENTRY--TOPICAL TERM (OCLC, RLIN) | |
| Topical term or geographic name as entry element | PROPERTY-INFRASTRUCTURE |
| 856 40 - ELECTRONIC LOCATION AND ACCESS | |
| Uniform Resource Identifier | <a href="https://www.allparty-urbandevelopment.org.uk/reports.html">https://www.allparty-urbandevelopment.org.uk/reports.html</a> |
| Public note | View the report free of charge at www.allparty-urbandevelopment.org.uk... |
| 942 ## - ADDED ENTRY ELEMENTS (KOHA) | |
| Suppress in OPAC | 0 |
| Withdrawn status | Lost status | Source of classification or shelving scheme | Damaged status | Not for loan | Home library | Current library | Shelving location | Date acquired | Total Checkouts | Full call number | Barcode | Date last seen | Copy number | Price effective from | Koha item type |
|---|---|---|---|---|---|---|---|---|---|---|---|---|---|---|---|
| Dewey Decimal Classification | Virtual | Virtual | Online | 26/02/2007 | ONLINE PUBLICATION | 136826-1001 | 06/08/2019 | 1 | 06/08/2019 | Book |